Les podiums du Tour de France cycliste depuis 2006 - Statistiques

Statistiques générales
  • Ce quiz a été pris 70 fois
  • Le résultat moyen est 44 sur 59
Statistiques - réponses
Édition Vainqueur % Correct
Jonas Vingegaard
100%
Jonas Vingegaard
100%
Jonas Vingegaard
100%
109e (2022) Jonas Vingegaard (1)
100%
110e (2023) Jonas Vingegaard (2)
100%
Tadej Pogacar
100%
Tadej Pogacar
100%
107e (2020) Tadej Pogacar (1)
100%
108e (2021) Tadej Pogacar (2)
100%
111e (2024) Tadej Pogacar (3)
100%
112e (2025) Tadej Pogacar (4)
100%
Christopher Froome
94%
Christopher Froome
94%
100e (2013) Christopher Froome (1)
94%
102e (2015) Christopher Froome (2)
94%
103e (2016) Christopher Froome (3)
94%
104e (2017) Christopher Froome (4)
94%
106e (2019) Egan Bernal
90%
Romain Bardet
90%
Romain Bardet
90%
Thibaut Pinot
90%
Geraint Thomas
87%
Geraint Thomas
87%
105e (2018) Geraint Thomas
87%
101e (2014) Vincenzo Nibali
84%
Vincenzo Nibali
84%
Primoz Roglic
82%
94e (2007) Alberto Contador (1)
81%
96e (2009) Alberto Contador (2)
81%
Andy Schleck
79%
97e (2010) Andy Schleck (après déclassement de Contador)
79%
Andy Schleck
79%
Frank Schleck
79%
Remco Evenepoel
79%
99e (2012) Bradley Wiggins
77%
Bradley Wiggins
77%
Nairo Quintana
76%
Nairo Quintana
76%
Nairo Quintana
76%
98e (2011) Cadel Evans
71%
Cadel Evans
71%
Cadel Evans
71%
Florian Lipowitz
66%
Tom Dumoulin
63%
Rigoberto Uran
60%
Jean-Christophe Péraud
56%
Adam Yates
53%
Richard Carapaz
53%
Alejandro Valverde
52%
Richie Porte
47%
95e (2008) Carlos Sastre
45%
Carlos Sastre
45%
Joachim Rodriguez
45%
Steven Kruijswijk
37%
93e (2006) Oscar Pereiro (après déclassement de Landis)
35%
Denis Menchov
19%
Andreas Kloden
13%
Jurgen Van den Broeck
10%
Samuel Sanchez
10%
Aucun quiz correspondant
Distribution des résultats
% des personnes avec chaque résultat
Percentile par nombre de réponses
Votre historique - résultats
Vous n’avez pas pris ce quiz